00611nam a2200157 i 4500001000300000245014000003260004400143300004200187500001700229504003600246040000800282041000800290080001600298008004100314856009800355bg 0aFIziceskie i chimiceskie svojstva metallow vysokoj cistoty. Trudy Meżdunar. Koll. Pariż, 12-14 oktjabrja 1959 g. /cPerev. s franc. aMoskwa :bIzdat. "Metallurgija",c1964. as. 342, nlb. 1 :brys., ilustr., tab. a[Alf. ros.]. a[Zawiera bibliogr. s. 341-343]. cBPK apol a621.315.592 s pl f |000 0 pol  uhttp://koha.tu.koszalin.pl/cgi-bin/koha/opac-detail.pl?biblionumber=15004yKatalog online BPK